[Event "World-chT Rapid"]
[Site "Dusseldorf"]
[Date "2023.08.28"]
[Round "9"]
[White "Braeutigam, Katerina"]
[Black "Xue, Luka"]
[Result "1-0"]
[WhiteElo "1884"]
[BlackElo "1925"]
[PlyCount "59"]
[EventDate "2023.08.26"]
[EventType "team-swiss (rapid)"]
[EventRounds "12"]
[EventCountry "GER"]
[SourceTitle "CBM 215 Extra"]
[Source "ChessBase"]
[SourceDate "2023.09.30"]
[SourceVersion "1"]
[SourceVersionDate "2023.09.30"]
[SourceQuality "1"]
[WhiteTeam "Kiel Doppelbauer"]
[BlackTeam "Hemer"]
[WhiteTeamCountry "GER"]
[BlackTeamCountry "GER"]

1. e4 e6 2. d4 d5 3. e5 c5 4. c3 Nc6 5. Nf3 Bd7 6. a3 Nge7 7. Bd3 cxd4 8. cxd4 Qb6 9. Bc2 Nf5 10. Bxf5 exf5 11. Nc3 Be6 12. b4 Rc8 13. Bb2 Be7 14. 0-0 g5 15. Na4 Qb5 16. Rc1 g4 17. Ne1 Bg5 18. Rc5 Qa6 19. b5 Qa5 20. bxc6 Qa6 21. cxb7 Qxb7 22. Rxc8+ Bxc8 23. Nd3 Bd7 24. Ndc5 Qb5 25. Nxd7 Qxd7 26. Nc5 Qc7 27. Qa4+ Kf8 28. Qc2 Qc8 29. Bc1 f4 30. g3 1-0

[Event "World-chT Rapid"]
[Site "Dusseldorf"]
[Date "2023.08.26"]
[Round "2.6"]
[White "Xue, Luka"]
[Black "Schneider, Manfred"]
[Result "1-0"]
[WhiteElo "1925"]
[BlackElo "2022"]
[PlyCount "49"]
[EventDate "2023.08.26"]
[EventType "team-swiss (rapid)"]
[EventRounds "12"]
[EventCountry "GER"]
[SourceTitle "CBM 215 Extra"]
[Source "ChessBase"]
[SourceDate "2023.09.30"]
[SourceVersion "1"]
[SourceVersionDate "2023.09.30"]
[SourceQuality "1"]
[WhiteTeam "Hemer"]
[BlackTeam "Kompetenzakademie Allstars"]
[WhiteTeamCountry "GER"]
[BlackTeamCountry "GER"]

1. d4 Nc6 2. c4 e5 3. e3 exd4 4. exd4 Bb4+ 5. Bd2 Qe7+ 6. Be2 Nxd4 7. Nc3 Nf6 8. a3 Bxc3 9. Bxc3 Nxe2 10. Nxe2 0-0 11. 0-0 d6 12. Re1 Be6 13. Nf4 Rae8 14. Nd5 Nxd5 15. cxd5 Qg5 16. dxe6 fxe6 17. Qd2 Qg6 18. Re3 e5 19. Qd5+ Kh8 20. Qxb7 Rf7 21. Qxa7 Ref8 22. Rf1 c5 23. Qa6 Rf4 24. Qd3 Qg5 25. Qxd6 1-0

[Event "Krefeld op"]
[Site "Krefeld"]
[Date "2023.08.05"]
[Round "6"]
[White "Sabirov, Rafael"]
[Black "Xue, Luka"]
[Result "1-0"]
[WhiteElo "2119"]
[BlackElo "1925"]
[PlyCount "35"]
[EventDate "2023.08.02"]
[EventType "swiss"]
[EventRounds "9"]
[EventCountry "GER"]
[SourceTitle "CBM 215 Extra"]
[Source "ChessBase"]
[SourceDate "2023.09.30"]
[SourceVersion "1"]
[SourceVersionDate "2023.09.30"]
[SourceQuality "1"]

1. e4 e6 2. d4 d5 3. Nc3 Nf6 4. Bg5 dxe4 5. Nxe4 Be7 6. Bxf6 gxf6 7. Nf3 a6 8. Bd3 f5 9. Ng3 b5 10. Qe2 Qd5 11. 0-0 Nc6 12. Rad1 Na5 13. Rfe1 Qd6 14. d5 f4 15. dxe6 Qxe6 16. Qd2 Qd6 17. Qc3 Rg8 18. Ne4 1-0

[Event "GER-ch U12"]
[Site "Willingen"]
[Date "2021.08.28"]
[Round "8"]
[White "Birkenheier, Nicolas"]
[Black "Xue, Luka"]
[Result "1/2-1/2"]
[WhiteElo "1293"]
[BlackElo "1496"]
[PlyCount "130"]
[EventDate "2021.08.22"]
[EventType "swiss"]
[EventRounds "9"]
[EventCountry "GER"]
[SourceTitle "EXT 2022"]
[Source "ChessBase"]
[SourceDate "2021.10.06"]
[SourceVersion "1"]
[SourceVersionDate "2021.10.06"]
[SourceQuality "1"]

1. e4 e5 2. Nf3 Nc6 3. Bc4 Bc5 4. d3 Nf6 5. c3 0-0 6. 0-0 d5 7. exd5 Nxd5 8. Nbd2 Nb6 9. Bb5 f6 10. Ne4 Bd6 11. a4 a6 12. Bxc6 bxc6 13. Qb3+ Kh8 14. Be3 Nd5 15. Qc4 Be6 16. Nxd6 cxd6 17. Qxc6 Qe7 18. a5 Rfc8 19. Qa4 Rab8 20. Qc2 Bf5 21. Qd2 Nxe3 22. fxe3 Qb7 23. b4 Bxd3 24. Qxd3 e4 25. Qd4 exf3 26. Rxf3 Qc6 27. Rc1 Re8 28. Rh3 Re4 29. Qd1 g6 30. Qf3 f5 31. Qg3 Rg4 32. Qf3 Qc4 33. Qd1 Qc6 34. Rf3 Rc8 35. Rf2 Rxb4 36. cxb4 Qxc1 37. Qxc1 Rxc1+ 38. Rf1 Rc3 39. Kf2 Kg7 40. Rd1 Rc6 41. Kf3 Kf6 42. Rd4 Ke5 43. Rd3 Rc4 44. Rb3 Kd5 45. b5 axb5 46. Rxb5+ Kc6 47. Rb6+ Kc7 48. Rb5 Ra4 49. h3 Kc6 50. Rb6+ Kc7 51. Rb5 Ra3 52. Kf4 h6 53. Kf3 Ra4 54. Kf2 Kc8 55. Rb6 Kd7 56. Rb5 Ke6 57. Kf3 Kf6 58. Rd5 Ke6 59. Rb5 Kf6 60. Rd5 Kg5 61. Kf2 Ra2+ 62. Kf3 h5 63. g3 Kh6 64. h4 Kg7 65. Rxd6 Rxa5 1/2-1/2

[Event "GER-ch U12"]
[Site "Willingen"]
[Date "2021.08.25"]
[Round "4"]
[White "Engel, Bruno"]
[Black "Xue, Luka"]
[Result "1-0"]
[WhiteElo "1660"]
[BlackElo "1496"]
[PlyCount "101"]
[EventDate "2021.08.22"]
[EventType "swiss"]
[EventRounds "9"]
[EventCountry "GER"]
[SourceTitle "EXT 2022"]
[Source "ChessBase"]
[SourceDate "2021.10.06"]
[SourceVersion "1"]
[SourceVersionDate "2021.10.06"]
[SourceQuality "1"]

1. e4 e6 2. d4 d5 3. Nc3 Nf6 4. Bg5 dxe4 5. Nxe4 Be7 6. Ng3 0-0 7. Nf3 b6 8. Bd3 Bb7 9. Qe2 Bxf3 10. Qxf3 Nbd7 11. 0-0-0 Nd5 12. h4 c5 13. c4 Nb4 14. Be4 Rc8 15. a3 cxd4 16. axb4 Rxc4+ 17. Kb1 Rxb4 18. Qe2 Nc5 19. Qd2 Na4 20. Qxb4 Bxb4 21. Bxd8 Rxd8 22. Bc2 Nc5 23. Bd3 e5 24. f3 Ne6 25. Ne4 Nf4 26. g3 Nd5 27. Rc1 f6 28. Bc4 Kf8 29. Bxd5 Rxd5 30. Rc7 a5 31. Rb7 Bc5 32. Rc1 f5 33. Nxc5 bxc5 34. Rc7 e4 35. R7xc5 Rxc5 36. Rxc5 g6 37. fxe4 fxe4 38. Re5 e3 39. Kc2 Kf7 40. Kd3 Kf6 41. Kxd4 e2 42. Rxe2 Kf5 43. Re4 a4 44. Ke3 Kf6 45. Rxa4 Kg7 46. b4 Kh6 47. b5 Kh5 48. b6 h6 49. b7 g5 50. b8Q g4 51. Qe8# 1-0

[Event "GER-ch U12"]
[Site "Willingen"]
[Date "2021.08.23"]
[Round "2"]
[White "Jumah, Shayan"]
[Black "Xue, Luka"]
[Result "0-1"]
[WhiteElo "1275"]
[BlackElo "1496"]
[PlyCount "94"]
[EventDate "2021.08.22"]
[EventType "swiss"]
[EventRounds "9"]
[EventCountry "GER"]
[SourceTitle "EXT 2022"]
[Source "ChessBase"]
[SourceDate "2021.10.06"]
[SourceVersion "1"]
[SourceVersionDate "2021.10.06"]
[SourceQuality "1"]

1. e4 e6 2. d4 d5 3. Bd3 Nf6 4. e5 Nfd7 5. Nf3 c5 6. c3 Nc6 7. 0-0 Qb6 8. Bc2 Be7 9. a3 f6 10. Re1 fxe5 11. dxe5 0-0 12. Bg5 Rxf3 13. Bxe7 Rf7 14. Bd6 Qxb2 15. Nd2 Qxc3 16. Rc1 Qd4 17. Qh5 Qxf2+ 18. Kh1 g6 19. Bxg6 hxg6 20. Qxg6+ Rg7 21. Qe8+ Nf8 22. Rg1 Qf7 23. Qxf8+ Qxf8 24. Bxf8 Kxf8 25. Rgf1+ Rf7 26. Rxf7+ Kxf7 27. Rxc5 Nxe5 28. Rc7+ Kg6 29. g3 b6 30. Kg2 a5 31. h4 Ba6 32. Nf3 Nxf3 33. Kxf3 Rc8 34. Rxc8 Bxc8 35. Kf4 b5 36. Ke3 b4 37. Kd3 b3 38. a4 Bd7 39. Kc3 Bxa4 40. Kb2 d4 41. Ka1 d3 42. Kb2 d2 43. Ka3 d1Q 44. Kxa4 b2+ 45. Ka3 b1Q 46. h5+ Kh6 47. g4 Qdb3# 0-1

[Event "GER-ch U10"]
[Site "Willingen"]
[Date "2020.10.30"]
[Round "5"]
[White "Xue, Luka"]
[Black "Aweh, Mads"]
[Result "1-0"]
[WhiteElo "1473"]
[BlackElo "1328"]
[PlyCount "57"]
[EventDate "2020.10.26"]
[EventType "swiss"]
[EventRounds "7"]
[EventCountry "GER"]
[SourceTitle "CBM 199 Extra"]
[Source "ChessBase"]
[SourceDate "2021.01.31"]
[SourceVersion "1"]
[SourceVersionDate "2021.01.31"]
[SourceQuality "1"]

1. Nf3 Nf6 2. d4 e6 3. Bg5 Be7 4. e3 d5 5. Bd3 h6 6. Bh4 Nbd7 7. 0-0 0-0 8. Nbd2 b6 9. c3 Bb7 10. Ne5 Nxe5 11. dxe5 Nd7 12. Bxe7 Qxe7 13. f4 Rfd8 14. Qg4 c5 15. Nf3 Rac8 16. Rad1 Nf8 17. Bb1 Rd7 18. Nh4 Ba6 19. Rf2 Rcd8 20. f5 Bc8 21. f6 g6 22. fxe7 Rxe7 23. Rdf1 Ba6 24. Nxg6 fxg6 25. Rxf8+ Rxf8 26. Qxg6+ Rg7 27. Qxe6+ Rff7 28. Qe8+ Rf8 29. Rxf8# 1-0

[Event "GER-chT U10"]
[Site "Magdeburg"]
[Date "2019.12.27"]
[Round "1.2"]
[White "Drechsler, Andor"]
[Black "Xue, Luka"]
[Result "0-1"]
[WhiteElo "1164"]
[BlackElo "1529"]
[PlyCount "23"]
[EventDate "2019.12.27"]
[EventType "team-swiss"]
[EventRounds "7"]
[EventCountry "GER"]
[SourceTitle "CBM 194 Extra"]
[Source "ChessBase"]
[SourceDate "2020.03.31"]
[SourceVersion "1"]
[SourceVersionDate "2020.03.31"]
[SourceQuality "1"]
[WhiteTeam "Torgelow Droegeheide"]
[BlackTeam "Duesseldorf SV"]
[WhiteTeamCountry "GER"]
[BlackTeamCountry "GER"]

1. e4 e5 2. Nf3 Nc6 3. Bc4 Bc5 4. 0-0 Nf6 5. d4 Bxd4 6. Nxd4 Nxd4 7. Nc3 0-0 8. f4 d6 9. f5 b6 10. g4 Bb7 11. Bd3 d5 12. Re1 0-1

[Event "GER-ch U10"]
[Site "Willingen"]
[Date "2019.06.15"]
[Round "11"]
[White "Xue, Luka"]
[Black "Navarro Jahnke, Leo"]
[Result "1-0"]
[WhiteElo "1429"]
[BlackElo "1334"]
[PlyCount "47"]
[EventDate "2019.06.08"]
[EventType "swiss"]
[EventRounds "11"]
[EventCountry "GER"]
[SourceTitle "CBM 191 Extra"]
[Source "ChessBase"]
[SourceDate "2019.09.30"]
[SourceVersion "1"]
[SourceVersionDate "2019.09.30"]
[SourceQuality "1"]

1. d4 Nf6 2. Nf3 g6 3. c4 Bg7 4. Nc3 0-0 5. e4 d6 6. Be2 Nbd7 7. 0-0 c5 8. Be3 Ng4 9. Bf4 Nh6 10. h3 f5 11. Qd2 fxe4 12. Nxe4 Nf5 13. Neg5 Nf6 14. d5 a6 15. Rae1 h6 16. Ne6 Bxe6 17. dxe6 Nh5 18. Bh2 Nd4 19. Nxd4 Bxd4 20. Qxh6 Ng7 21. Bd3 Qa5 22. Re2 Ne8 23. Qxg6+ Bg7 24. Qh7# 1-0